Colleges With the Most NBA All-Stars - Statistics

General Stats
  • This quiz has been taken 22 times
  • The average score is 10 of 16
Answer Stats
Total All-Stars Answer % Correct
12 Duke
95%
20 Kentucky
90%
8 Kansas
86%
8 Michigan
76%
13 North Carolina
76%
18 UCLA
76%
7 Indiana
67%
7 Michigan State
67%
6 Georgetown
57%
6 Connecticut
48%
6 Louisville
48%
7 Southern California
48%
6 Illinois
43%
7 Ohio State
43%
6 St. John's
38%
6 California
24%
No matching quizzes found
Score Distribution
Percent of People with Each Score
Percentile by Number Answered
Your Score History
You have not taken this quiz